书目信息 |
| 题名: |
哲人小语:人与自然
|
|
| 作者: | 狄特富尔特 , 瓦尔特 编 | |
| 分册: | ||
| 出版信息: | 北京 生活·读书·新知三联书店 1993.12 |
|
| 页数: | 402页 | |
| 开本: | 32开 | |
| 丛书名: | ||
| 单 册: | ||
| 中图分类: | B517 | |
| 科图分类: | ||
| 主题词: | 哲学--欧洲 | |
| 电子资源: | ||
| ISBN: | 7-108-00631-6 | |
| 000 | 00641nam0 2200205 45 | |
| 001 | 0011111175 | |
| 005 | 20001111112044.2 | |
| 010 | @a7-108-00631-6@d15.80元 | |
| 100 | @a20001111d1993 km y0chiy0120 ea | |
| 101 | 0 | @achi |
| 105 | @a z 000yy | |
| 200 | 1 | @a哲人小语:人与自然@AZhe Ren Xiao Yu:Ren Yu Zi Ran@f(德)狄特富尔特,瓦尔特编;周美琪译@F(De)Di Te Fu Er Te,Wa Er Te Bian;Zhou Mei Qi Yi |
| 210 | @a北京@c生活·读书·新知三联书店@d1993.12 | |
| 215 | @a402页@d32开 | |
| 606 | 0 | @a哲学@x欧洲 |
| 690 | @aB517@v3 | |
| 701 | 0 | @a狄特富尔特@4编 |
| 701 | 0 | @a瓦尔特@4编 |
| 801 | @aCN@bPftUser@c20001111 | |
| 905 | @b402974-975@dB517@eD245@f2 | |
| 哲人小语:人与自然/(德)狄特富尔特,瓦尔特编;周美琪译.-北京:生活·读书·新知三联书店,1993.12 |
| 402页;32开 |
| ISBN 7-108-00631-6:15.80元 |
| ● |
| 相关链接 |
|
|
|
正题名:哲人小语:人与自然
索取号:B517/D245
 
预约/预借
| 序号 | 登录号 | 条形码 | 馆藏地/架位号 | 状态 | 备注 |
| 1 | 402974 | 204029746 | 社科库509/509社科库 18排1列5层/ [索取号:B517/D245] | 在馆 | |
| 2 | 402975 | 204029755 | 社科库509/509社科库 18排1列5层/ [索取号:B517/D245] | 在馆 |